[Event "VIE-ch U11 Girls"]
[Site "Ho Chi Minh City"]
[Date "2014.07.14"]
[Round "3"]
[White "Nguyen, Thi Cong Hanh"]
[Black "Le, Nguyen Uyen Phuong"]
[Result "0-1"]
[WhiteElo "1740"]
[BlackElo "1720"]
[PlyCount "84"]
[EventDate "2014.07.13"]
[EventType "swiss"]
[EventRounds "9"]
[EventCountry "VIE"]
[SourceTitle "EXT 2016"]
[Source "ChessBase"]
[SourceDate "2015.10.08"]
[SourceVersion "1"]
[SourceVersionDate "2015.10.08"]
[SourceQuality "1"]

1. e4 e6 2. Nc3 d5 3. exd5 exd5 4. d4 Nc6 5. Bf4 a6 6. Bd3 Nf6 7. h3 h6 8. Nf3 Bd6 9. Qe2+ Ne7 10. Bxd6 Qxd6 11. 0-0 0-0 12. Rfe1 Re8 13. Qe5 Qc6 14. Qg3 Nh5 15. Qh4 Nf6 16. Ne5 Qd6 17. Qf4 Nc6 18. Qh2 Nxd4 19. Ne2 Nxc2 20. Bxc2 Rxe5 21. Nc3 Rxe1+ 22. Rxe1 Qxh2+ 23. Kxh2 Be6 24. Na4 b6 25. Bb3 Rd8 26. Rc1 Rc8 27. Bd1 Bd7 28. Bg4 Nxg4+ 29. hxg4 Bxa4 30. b3 Bd7 31. Kg3 c5 32. Rd1 Be6 33. Rd2 c4 34. bxc4 dxc4 35. Rc2 c3 36. a3 Bb3 37. Rc1 c2 38. Kf3 Rd8 39. Ke2 Rd1 40. Rxd1 cxd1Q+ 41. Ke3 Qc1+ 42. Ke2 Qxa3 0-1